Normal view MARC view
  • Colnel G A Furse, CB

Entry Personal Name

Number of records used in: 1

001 - CONTROL NUMBER

  • control field: 49549

003 - CONTROL NUMBER IDENTIFIER

  • control field: NUST

005 - DATE AND TIME OF LATEST TRANSACTION

  • control field: 20210314134350.0

008 - FIXED-LENGTH DATA ELEMENTS

  • fixed length control field: 210314|| aca||aabn | a|a d

040 ## - CATALOGING SOURCE

  • Original cataloging agency: NUST
  • Transcribing agency: NUST

100 ## - HEADING--PERSONAL NAME

  • Personal name: Colnel G A Furse, CB

670 ## - SOURCE DATA FOUND

  • Source citation: Work cat.: (NUST): Colnel G A Furse, CB, The art of marching, 1901
© 2023 Central Library, National University of Sciences and Technology. All Rights Reserved.